000 00463nam a2200169Ia 4500
005 20250508150510.0
008 008 250505s9999 xx 000 0 eng d
037 _aTextual
040 _aFEDL
_beng
_cFEDL
041 _aeng
_2eng
084 _a743.4, JAC
_qFEDL
100 _aJackson A Gladstone
_9756829
245 0 _aRight way to human figure drawing and anatomy
300 _a139p.
942 _cTEXL
_h743.4, JAC
999 _c1323923
_d1323923